|
|
|
|
| LEADER |
02319nam a2200589 ia4500 |
| 001 |
nkc20162863722 |
| 003 |
CZ PrNK |
| 005 |
20250828105333.0 |
| 007 |
ta |
| 008 |
161214m20169999xr a g d 001 0 czeo |
| 015 |
|
|
|a cnb002863722
|
| 020 |
|
|
|a 978-80-906637-1-8
|q (1. díl ;
|q brožováno)
|
| 020 |
|
|
|a 978-80-906637-4-9
|q (2. díl ;
|q brožováno)
|
| 035 |
|
|
|a (OCoLC)972611851
|
| 040 |
|
|
|a ABA001
|b cze
|d BOA001
|e rda
|
| 041 |
1 |
|
|a cze
|a ukr
|h cze
|
| 072 |
|
7 |
|a 81
|x Lingvistika. Jazyky
|2 Konspekt
|9 11
|
| 080 |
|
|
|a 811.162.3
|2 MRF
|
| 080 |
|
|
|a 811.161.2
|2 MRF
|
| 080 |
|
|
|a 81'374.8-022.215
|2 MRF
|
| 080 |
|
|
|a (038)81
|2 MRF
|
| 080 |
|
|
|a (038.025.2)
|2 MRF
|
| 100 |
1 |
|
|a Dolanská Hrachová, Jana,
|d 1976-
|7 xx0208921
|4 aut
|
| 245 |
1 |
0 |
|a Česko-ukrajinský ilustrovaný slovník =
|b Čes‘ko-ukrajins‘kyj iljustrovanyj slovnyk /
|c autor: Jana Dolanská Hrachová ; překlad: Věra Lendělová
|
| 246 |
3 |
|
|a Ilustrovaný slovník česko-ukrajinský
|
| 246 |
3 |
|
|a Iljustrovanyj slovnyk čes‘ko-ukrajins‘kyj
|
| 246 |
3 |
1 |
|a Čes‘ko-ukrajins‘kyj iljustrovanyj slovnyk
|
| 250 |
|
|
|a První vydání
|
| 264 |
|
1 |
|a Praha :
|b Dolanski,
|c 2016-
|
| 300 |
|
|
|a ^^^svazků :
|b barevné ilustrace ;
|c 22 cm
|
| 336 |
|
|
|a text
|b txt
|2 rdacontent
|
| 336 |
|
|
|a statický obraz
|b sti
|2 rdacontent
|
| 337 |
|
|
|a bez média
|b n
|2 rdamedia
|
| 338 |
|
|
|a svazek
|b nc
|2 rdacarrier
|
| 500 |
|
|
|a Obsahuje rejstříky
|
| 500 |
|
|
|a Dotisk v roce 2022
|
| 505 |
1 |
|
|a 1. 2016. 141 stran -- 2. 2019. 141 stran
|
| 650 |
0 |
7 |
|a čeština
|7 ph135292
|2 czenas
|
| 650 |
0 |
7 |
|a ukrajinština
|7 ph126868
|2 czenas
|
| 650 |
0 |
9 |
|a Czech language
|2 eczenas
|
| 650 |
0 |
9 |
|a Ukrainian language
|2 eczenas
|
| 655 |
|
7 |
|a dvojjazyčné překladové slovníky
|7 fd208746
|2 czenas
|
| 655 |
|
7 |
|a obrazové slovníky
|7 fd132949
|2 czenas
|
| 655 |
|
9 |
|a bilingual translation dictionaries
|2 eczenas
|
| 655 |
|
9 |
|a illustrated dictionaries
|2 eczenas
|
| 700 |
1 |
|
|a Lendělová, Věra,
|d 1958-
|7 mzk2007377696
|4 trl
|
| 910 |
2 |
|
|a BOA001
|b 2-1380.282
|s 1-2
|
| 990 |
|
|
|a BK
|
| 995 |
|
|
|a 01
|
| 991 |
|
|
|b 201701
|c NOV
|
| 996 |
6 |
|
|b 2610692199
|c 2-1380.282
|d 1. díl
|v 1
|l MZK
|r Sklad / do 1 hodiny
|n 1
|p p.v.
|w 001594140
|u 000010
|a 1
|e BOA001
|j MZK50
|s P
|
| 996 |
6 |
|
|b 2610793540
|c 2-1380.282
|d 2. díl
|v 2
|l MZK
|r Sklad / do 1 hodiny
|n 2
|p p.v.
|w 001594140
|u 000020
|a 1
|e BOA001
|j MZK50
|s P
|